Internet y alta tecnología en el derecho de daños (Record no. 133757)

MARC details
000 -LEADER
fixed length control field 01086cam a2200217 4500
005 - DATE AND TIME OF LATEST TRANSACTION
control field 20250905133118.0
008 - FIXED-LENGTH DATA ELEMENTS--GENERAL INFORMATION
fixed length control field 051108s2003 ag 000 0 spa u
020 ## - INTERNATIONAL STANDARD BOOK NUMBER
International Standard Book Number 9506793344
050 04 - LIBRARY OF CONGRESS CALL NUMBER
Classification number KHA335.C65
Item number S63 2003
100 1# - MAIN ENTRY--PERSONAL NAME
Personal name Sobrino, Waldo Augusto R.
245 10 - TITLE STATEMENT
Title Internet y alta tecnología en el derecho de daños
Statement of responsibility, etc / Waldo Augusto R. Sobrino
246 14 - VARYING FORM OF TITLE
Title proper/short title Internet y alta tecnología en el derecho de daños
Remainder of title : Nuevas responsabilidades derivadas de Internet, La ilegalidad de las “cookies” y del “spam”, El orden público tecnológico, Proyecto de genoma humano y discriminación, Responsabilidad del “hosting service provider”, Seguros y alta tecnología : Protección de los datos personales
250 ## - EDITION STATEMENT
Edition statement 1a ed.
260 ## - PUBLICATION, DISTRIBUTION, ETC. (IMPRINT)
Place of publication, distribution, etc Ciudad de Buenos Aires :
Name of publisher, distributor, etc Editorial Universidad,
Date of publication, distribution, etc 2003
300 ## - PHYSICAL DESCRIPTION
Extent 139 p. ;
Dimensions 23 cm.
506 ## - RESTRICTIONS ON ACCESS NOTE
Terms governing access Pifi 3.1
650 #4 - SUBJECT ADDED ENTRY--TOPICAL TERM
Topical term or geographic name as entry element Internet
General subdivision Legislación
Geographic subdivision Argentina
650 #4 - SUBJECT ADDED ENTRY--TOPICAL TERM
Topical term or geographic name as entry element Industrias de alta tecnología
General subdivision Legislación
Geographic subdivision Argentina
650 #7 - SUBJECT ADDED ENTRY--TOPICAL TERM
Source of heading or term lemb
Topical term or geographic name as entry element Protección de datos
General subdivision Legislación
Geographic subdivision Argentina
942 ## - ADDED ENTRY ELEMENTS (KOHA)
Source of classification or shelving scheme Biblioteca del Cogreso de los Estados Unidos
Koha item type Libro
Holdings
Estado de pérdida Fuente de clasificación Estado del daño No para préstamo Ubicación permanente Ubicación actual Apartado o colección Fecha de adquisición Edición Área del conocimiento Clasificación Código de Barras Date last seen Número de copia Costo por reposición Tipo de recurso
  Biblioteca del Cogreso de los Estados Unidos     Biblioteca de la Facultad de Derecho y Ciencias Sociales "Felipe J. Tena" Biblioteca de la Facultad de Derecho y Ciencias Sociales "Felipe J. Tena" General 26/11/2019 1a ed. Ciencias Sociales y Administrativas KHA335.C65 S63 2003 BFD000011872 26/11/2019 1 1.00 Libro